NCAA Division II Basketball Teams - Statistics

General Stats
  • This quiz has been taken 565 times
    375 since last reset
  • The average score is 37 of 295
Answer Stats
California Collegiate % Correct
San Francisco State
56%
Northern Michigan
38%
Grand Valley State
36%
Michigan Tech
35%
Lincoln (MO)
30%
Lincoln University (PA)
30%
Virginia State
28%
Ferris State
27%
Colorado School of Mines
26%
Illinois - Springfield
25%
Mercy College
25%
Augusta University
24%
CSU Los Angeles
24%
Minnesota - Duluth
24%
Alaska - Anchorage
23%
Cal Poly - Humboldt
23%
Concord
22%
Lake Superior State
22%
Minnesota State - Mankato
22%
Cal Poly - Pomona
21%
Central Oklahoma
21%
Indianapolis
21%
Missouri S & T
21%
Pittsburg State
21%
Saginaw Valley State
21%
Slippery Rock
21%
Tiffin
21%
Wayne State
21%
West Florida
21%
Alaska - Fairbanks
20%
Central Missouri
20%
Central Washington
20%
Hillsdale
20%
Virginia Union
20%
Bemidji State
19%
Bentley
19%
Charleston
19%
Findlay
19%
Fort Hays State
19%
Kentucky State
19%
Queens College
19%
Western Washington
19%
CSU Dominguez Hills
18%
Emporia State
18%
King
18%
Northwest Missouri State
18%
St. Cloud State
18%
Valdosta State
18%
Wilmington
18%
Wisconsin - Parkside
18%
Adams State
17%
Ashland
17%
Black Hills State
17%
Bowie State
17%
Colorado Mesa
17%
CSU Chico
17%
Drury
17%
Eastern New Mexico
17%
Kutztown
17%
Lewis
17%
Missouri - St. Louis
17%
Shippensburg
17%
Truman State
17%
Upper Iowa
17%
Western Oregon
17%
American International
16%
Augustana University
16%
Bluefield State
16%
Colorado State - Pueblo
16%
CSU Monterey Bay
16%
CSU San Bernardino
16%
Delta State
16%
Franklin Pierce
16%
Kentucky Wesleyan
16%
Lenoir-Rhyne
16%
McKendree
16%
Montana State - Billings
16%
Nebraska - Kearney
16%
West Chester
16%
West Virginia State
16%
Arkansas Tech
15%
Bridgeport
15%
CSU East Bay
15%
Davenport
15%
Harding
15%
Hawai'i - Hilo
15%
Lee
15%
New Haven
15%
North Carolina - Pembroke
15%
North Greenville
15%
Salem
15%
St. Mary's
15%
Union
15%
Walsh
15%
Winston-Salem State
15%
Angelo State
14%
Fayetteville State
14%
Gannon
14%
Henderson State
14%
Malone
14%
Ouachita Baptist
14%
Seattle Pacific
14%
Southeastern Oklahoma State
14%
Southern Arkansas
14%
Southern New Hampshire
14%
Southwestern Oklahoma State
14%
Southwest Minnesota State
14%
West Alabama
14%
Western New Mexico
14%
Arkansas - Monticello
13%
Chadron State
13%
Chowan
13%
East Stroudsburg
13%
Fairmont State
13%
Florida Tech
13%
Minnesota State - Moorhead
13%
Northeastern State
13%
Northwood
13%
Post
13%
Savannah State
13%
Tampa
13%
Winona State
13%
Adelphi
12%
Alabama - Huntsville
12%
Arkansas - Fort Smith
12%
Assumption
12%
Barton
12%
Bloomsburg (PA)
12%
Cedarville
12%
Clark Atlanta
12%
Concordia - St. Paul
12%
CSU San Marcos
12%
CSU Stanislaus
12%
Daemen
12%
Dallas Baptist
12%
Dominican University New York
12%
East Central
12%
Elizabeth City State
12%
Erskine
12%
Felician
12%
Johnson C. Smith
12%
Lake Erie
12%
Lees-McRae
12%
Lincoln Memorial
12%
Lock Haven
12%
Mansfield
12%
Maryville
12%
Midwestern State
12%
Minot State
12%
Mississippi College
12%
New Mexico Highlands
12%
North Georgia
12%
Northwest Nazarene
12%
Nova Southeastern
12%
Pace
12%
Pennsylvania Western - Clarion
12%
Shaw
12%
Simon Fraser
12%
Sioux Falls
12%
St. Anselm
12%
St. Michael's
12%
Texas - Permian Basin
12%
Western Colorado
12%
West Liberty
12%
West Texas A&M
12%
Wheeling
12%
William Jewell
12%
Auburn - Montgomery
11%
Caldwell
11%
Christian Brothers
11%
Claflin
11%
College of Staten Island
11%
Davis & Elkins
11%
D'Youville
11%
Frostburg State
11%
Georgian Court
11%
Missouri Southern State
11%
Missouri Western State
11%
Mount Olive
11%
Northwestern Oklahoma State
11%
Ohio Dominican
11%
Oklahoma Baptist
11%
Pennsylvania Western - Edinboro
11%
Quincy
11%
Rockhurst
11%
Southern Nazarene
11%
St. Thomas Aquinas
11%
Texas A&M - Kingsville
11%
Texas - Tyler
11%
Tuskegee
11%
Washburn
11%
Westminster
11%
Wingate
11%
Azusa Pacific
10%
Belmont Abbey
10%
Central State
10%
Columbus State
10%
Converse
10%
Fort Lewis
10%
Millersville
10%
Minnesota - Crookston
10%
Shepherd
10%
Shorter
10%
Southern Connecticut State
10%
Southwest Baptist
10%
St. Martin's
10%
Thomas Jefferson
10%
West Virginia Wesleyan
10%
Albany State
9%
Catawba
9%
Colorado State - Colorado Springs
9%
Glenville State
9%
Goldey-Beacom
9%
Holy Family
9%
Livingstone
9%
Lynn
9%
Molloy College
9%
Morehouse
9%
Northern State
9%
Rollins
9%
Seton Hill University
9%
University of Virginia's College at Wise
9%
Cameron
8%
Chestnut Hill
8%
Emmanuel
8%
Flagler
8%
Fort Valley State
8%
Hawai'i Pacific
8%
Montevallo
8%
Roberts Wesleyan
8%
Sonoma State
8%
Southern Wesleyan
8%
St. Leo
8%
Trevecca Nazarene
8%
Allen
7%
Barry
7%
Biola
7%
Carson-Newman
7%
Colorado Christian
7%
Emory & Henry
7%
Florida Southern
7%
Francis Marion
7%
Newberry
7%
Oklahoma Christian
7%
Regis
7%
Rogers State
7%
South Carolina - Aiken
7%
Spring Hill
7%
St. Edward's
7%
Texas A&M International
7%
Young Harris
7%
Anderson
6%
Bloomfield College
6%
Eckerd
6%
Indiana University of Pennsylvania
6%
Lubbock Christian
6%
Miles
6%
Newman
6%
Palm Beach Atlantic
6%
Pittsburgh - Johnstown
6%
St. Augustine's
6%
University of Mary
6%
Lander
5%
Mars Hill
5%
Tusculum
5%
Ursuline
5%
Academy of Art
4%
Benedict
4%
Clayton State
4%
Coker
4%
Concordia - Irvine
4%
Edward Waters
4%
Embry-Riddle Aeronautical
4%
Fresno Pacific
4%
Georgia Southwestern State
4%
Lane
4%
Limestone
4%
St. Rose
4%
LeMoyne-Owen
3%
Pennsylvania Western - California
3%
Puerto Rico - Bayamon
3%
Puerto Rico - Mayaguez
3%
Purdue University Northwest
3%
South Dakota School of Mines and Technology
3%
Texas Woman's
3%
Georgia College & State University
2%
Holy Names
2%
Metropolitan State - Denver
2%
Puerto Rico - Rio Piedras
2%
Westmont
2%
Dominican University of California
1%
Honolulu - Chaminade
1%
Point Lorna Nazarene
1%
University of DC
1%
No matching quizzes found
Score Distribution
Percent of People with Each Score
Percentile by Number Answered
Your Score History
You have not taken this quiz since the last reset